| 000 | 00659nam a2200193Ia 4500 | ||
|---|---|---|---|
| 001 | 15036 | ||
| 003 | GE_BSU | ||
| 008 | 181216s||||||||xx |||||||||||||| ||und|| | ||
| 040 | _cGE_BSU | ||
| 080 | _a517.96 | ||
| 100 | _aВекуа,И.Н. | ||
| 245 | _aСистемы сингулярных интегральных уравнении и некоторые граничные задачи | ||
| 260 | _aМосква | ||
| 260 | _bНаука | ||
| 260 | _c1970 | ||
| 300 | _a377стр.22см. | ||
| 653 | _aСистемы сингулярных интегральных уравнении и некоторые граничные задачи | ||
| 942 | _cBK | ||
| 999 |
_c48154 _d48154 |
||